| 000 | 03632cam a22012734i 4500 | ||
|---|---|---|---|
| 003 | PE-LiUPU | ||
| 005 | 20250813185425.0 | ||
| 008 | 181119s2016 sp a rb 000 0 spa d | ||
| 020 | _a9788427722088 | ||
| 020 | _a8427722087 | ||
| 035 | _a(Sirsi) a250706 | ||
| 040 |
_aPE-LiUPU _bspa _cPE-LiUPU _erda |
||
| 049 | _aPRUA | ||
| 082 | 0 | 4 |
_a371 _bB61 _221 |
| 100 | 1 |
_aBlanchard Giménez, Mercedes, _eautor. |
|
| 245 | 1 | 4 |
_aLos proyectos de aprendizaje : _bun marco metodológico clave para la innovación / _cMercedes Blanchard Giménez. |
| 264 | 1 |
_aMadrid : _bNarcea, _c2016. |
|
| 300 |
_a203 páginas : _bilustraciones ; _c24 centimetros. |
||
| 336 |
_atext _2rdacontent |
||
| 337 |
_aunmediated _2rdamedia |
||
| 338 |
_avolume _2rdacarrier |
||
| 490 | 0 | _aEducación Hoy Estudios | |
| 504 | _aBibliografía: páginas 201-203. | ||
| 505 | 0 | _aInnovar através de os proyectos de aprendizaje -- Cómo idetificar un centro educativo innovador. ¿Qué características presenta? -- Teorías de acción para una actuación innovadora -- Los proyectos de aprendizaje para la comprensión: un modo de entender la planificación, desarrollo y evaluación del aprendizaje -- Proyectos desarrollados en diferentes etapas educativas. | |
| 526 | _aP202 | ||
| 526 | _aP201 | ||
| 526 | _aP163 | ||
| 526 | _aP162 | ||
| 526 | _aP161 | ||
| 526 | _aP160 | ||
| 526 | _aP148 | ||
| 526 | _aP147 | ||
| 526 | _aP146 | ||
| 526 | _aP145 | ||
| 526 | _aP144 | ||
| 526 | _aP143 | ||
| 526 | _aP142 | ||
| 526 | _aP141 | ||
| 526 | _aP140 | ||
| 526 | _aP139 | ||
| 526 | _aP138 | ||
| 526 | _aP137 | ||
| 526 | _aP136 | ||
| 526 | _aP135 | ||
| 526 | _aP134 | ||
| 526 | _aP133 | ||
| 526 | _aP129 | ||
| 526 | _aP128 | ||
| 526 | _aP127 | ||
| 526 | _aP120 | ||
| 526 | _aP119 | ||
| 526 | _aP118 | ||
| 526 | _aP116 | ||
| 526 | _aP115 | ||
| 526 | _aP114 | ||
| 526 | _aP110 | ||
| 526 | _aP109 | ||
| 526 | _aP108 | ||
| 526 | _aP104 | ||
| 526 | _aP103 | ||
| 526 | _aP102 | ||
| 526 | _aP99 | ||
| 526 | _aP98 | ||
| 526 | _aP97 | ||
| 526 | _aP96 | ||
| 526 | _aP95 | ||
| 526 | _aP93 | ||
| 526 | _aP90 | ||
| 526 | _aP89 | ||
| 526 | _aP88 | ||
| 526 | _aP83 | ||
| 526 | _aP82 | ||
| 526 | _aP62 | ||
| 526 | _aP59 | ||
| 526 | _aP58 | ||
| 526 | _aP57 | ||
| 526 | _aP51 | ||
| 526 | _aP49 | ||
| 526 | _aP48 | ||
| 526 | _aP47 | ||
| 526 | _aP29 | ||
| 526 | _aP24 | ||
| 526 | _aP20 | ||
| 526 | _aP19 | ||
| 526 | _aP17 | ||
| 526 | _aP15 | ||
| 526 | _aP14 | ||
| 526 | _aP12 | ||
| 526 | _aP10 | ||
| 526 | _aP09 | ||
| 526 | _aP08 | ||
| 526 | _aP07 | ||
| 526 | _aP06 | ||
| 526 | _aP05 | ||
| 526 | _aP04 | ||
| 526 | _aP01 | ||
| 541 | _g002-00000599; | ||
| 541 | _g004-000262; | ||
| 650 | 0 | 7 |
_aAprendizaje _xMetodología |
| 650 | 0 | 7 |
_aMétodo de proyectos _2embne |
| 650 | 0 | 4 |
_aEnseñanza _xInnovaciones |
| 910 |
_adbm _bksl _cksl _d20181119 |
||
| 910 |
_adbm _bncf _cncf _d20191105 |
||
| 942 |
_2ddc _cBOOK |
||
| 994 |
_aC0 _bPEPRU |
||
| 596 | _a1 | ||
| 999 |
_a371 B61 _wDEWEY _c30181 _i79254 _d30181 _e2019-7-21 _f2021-11-8 _g4 _lCCODEBUL1 _mBUL _n1 _p15.10 _r0 _sY _tBOOK _u2018-11-19 _xEDUCACION _PP69 _0COMPRA _1FCOMPR2 _o.STAFF. Colección Ciencias de la Salud |
||
| 999 |
_a371 B61 _wDEWEY _c2 _i80813 _f2021-11-8 _g3 _lCCODEBUL1 _mBUL _p21.42 _r0 _sY _tBOOK _u2019-11-5 _xEDUCACION _zP58 _0COMPRA _1FCOMPR4 _o.STAFF. Colección Ciencias Humanas y Educación |
||
| 980 |
_81 _gALBERTO SANCHEZ Responsable de Automatización |
||